000 00288nam a22001217a 4500
008 170905b xxu||||| |||| 00| 0 eng d
041 _aalb
080 _a82
100 _a20
101 _aGJL
245 _aPROVERBA TË SHQIPES DHE TË GJUHËS NEOLATINE
_cRAMADANI.R,H
942 _2udc
_cBK
999 _c26130
_d26130